| 000 | 00640nam a2200229Ia 4500 | ||
|---|---|---|---|
| 003 | BUBTL | ||
| 008 | 151213s9999 xx 000 0 und d | ||
| 020 | _a1405131209 | ||
| 082 |
_a823.009/ Ea38e/ 2005 _b |
||
| 100 |
_aEagleton, Terry _95044 |
||
| 245 |
_aThe English Novel : an Introduction / _cTerry Eagleton |
||
| 250 | _a1st Edn. | ||
| 260 |
_aU K _bBlackwell Publishing _cc2005 |
||
| 300 |
_a[ix], 365p. : _b21 cm |
||
| 500 | _aIncludes Index. | ||
| 650 | 0 |
_aEnglish Literature _91994 |
|
| 650 | _a | ||
| 700 |
_aTerry Eagleton _95110 |
||
| 856 |
_k0 _l0 _yDownload |
||
| 942 |
_2ddc _cBK |
||
| 999 |
_c3786 _d3786 |
||